000 00291nam a22001337a 4500
008 181203b xxu||||| |||| 00| 0 eng d
020 _a9780131717695
041 _aeng
080 _a321
100 _a21
101 _aPOL
245 _aConstsitutional Values
_cHall.D.E
942 _2udc
_cBK
999 _c52707
_d52707